[Event "SVK-ch U12"]
[Site "Tatralandia"]
[Date "2015.04.23"]
[Round "7"]
[White "Zelnik, Simon"]
[Black "Slivka, David"]
[Result "0-1"]
[WhiteElo "1155"]
[BlackElo "1575"]
[PlyCount "84"]
[EventDate "2015.04.18"]
[EventType "swiss"]
[EventRounds "9"]
[EventCountry "SVK"]
[SourceTitle "CBM 166 Extra"]
[Source "ChessBase"]
[SourceDate "2015.06.18"]
[SourceVersion "1"]
[SourceVersionDate "2015.06.18"]
[SourceQuality "1"]

1. d4 d5 2. Nc3 e6 3. Nf3 Nf6 4. e3 Be7 5. Bd3 0-0 6. 0-0 b6 7. e4 Bb7 8. exd5 Nxd5 9. Nxd5 Bxd5 10. Bf4 Nc6 11. c3 Bd6 12. Bxd6 cxd6 13. Re1 Ne7 14. c4 Bb7 15. Be4 d5 16. cxd5 Nxd5 17. Rc1 Rc8 18. Rc2 Qd7 19. Qc1 Nb4 20. Rxc8 Rxc8 21. Qb1 Bxe4 22. Rxe4 Rc2 23. h3 Qc8 24. Re1 Nd3 25. Rf1 Nxb2 26. Ng5 h6 27. Nh7 Nd3 28. Qb3 Qc3 29. Nf6+ gxf6 30. Qb5 Qxd4 31. Qe8+ Kg7 32. Qb8 Rxf2 33. Qg3+ Kh7 34. Rxf2 Qxf2+ 35. Qxf2 Nxf2 36. Kxf2 Kg6 37. Ke3 Kf5 38. Kd4 Kf4 39. Kc4 a6 40. Kd4 Kg3 41. Ke4 Kxg2 42. Kf4 Kxh3 0-1

[Event "SVK-ch U12"]
[Site "Stara Lubovna"]
[Date "2014.04.07"]
[Round "3"]
[White "Zelnik, Simon"]
[Black "Steiniger, Florian"]
[Result "0-1"]
[WhiteElo "1000"]
[BlackElo "1215"]
[PlyCount "76"]
[EventDate "2014.04.05"]
[EventType "swiss"]
[EventRounds "9"]
[EventCountry "SVK"]
[SourceTitle "EXT 2016"]
[Source "ChessBase"]
[SourceDate "2015.10.08"]
[SourceVersion "1"]
[SourceVersionDate "2015.10.08"]
[SourceQuality "1"]

1. e4 e5 2. Nf3 Nc6 3. Bb5 a6 4. Bxc6 dxc6 5. 0-0 Bg4 6. a3 Nf6 7. Nc3 Bc5 8. h3 Bh5 9. d3 Qd6 10. b4 Bd4 11. Bb2 c5 12. g4 Bg6 13. Nxd4 cxd4 14. Ne2 0-0 15. c4 c5 16. Qd2 b5 17. bxc5 Qxc5 18. cxb5 axb5 19. Rac1 Qb6 20. Ra1 Nd7 21. Qc2 Nc5 22. Rfc1 Rfc8 23. Ra2 Qb7 24. Qd1 b4 25. Rb1 b3 26. Raa1 Qb5 27. Nc1 Rab8 28. Nxb3 Nxb3 29. a4 Qa5 30. Ra3 Qd2 31. Qf1 Qb4 32. Bc1 Rxc1 33. Rxc1 Qxa3 34. Rc4 Nd2 35. Qe1 Nxc4 36. dxc4 Qxh3 37. Qa5 Rb1+ 38. Qe1 Rxe1# 0-1